Relaciones de consumo, derecho y economía

Na minha lista:
Detalhes bibliográficos
Autor principal: Gerlero, Mario S (Author)
Formato: Livro
Idioma:espanhol
Publicado em: Buenos Aires La Ley 2006
Edição:1a. ed
Colecção:Ciencia, Técnica y Poder Judicial, 1
Assuntos:
Tags: Adicionar Tag
Sem tags, seja o primeiro a adicionar uma tag!

MARC

LEADER 00000cam a2200000 a 4500
001 UCC9993
003 CL-VaPUC
005 20210602001523.0
008 191129e20060000ag spa d
020 |a 9789870309888 
082 0 4 |a 347.014  |b GER  |2 21 
100 1 |a Gerlero, Mario S  |e author  |9 605310 
245 1 0 |a Relaciones de consumo, derecho y economía 
250 |a 1a. ed 
260 |a Buenos Aires  |b La Ley  |c 2006 
300 |a 394 p 
490 0 |a Ciencia, Técnica y Poder Judicial, 1 
583 |a last modification  |c 20191129 11:37:00  |k Rodrigo Vera 
650 0 0 |a Poder judicial  |9 254871 
942 |c BK 
945 |a dcastane  |d 20191129 11:37:00 
999 |c 376264  |d 376262 
952 |0 0  |1 0  |3 erb  |4 0  |6 347_014000000000000_GER_2006  |7 0  |8 A  |9 495605  |a BIBDER  |b BIBDER  |e Precht Pizarro, Jorge Enrique  |i 5610931  |l 1  |o 347.014 GER 2006  |p 5610931  |r 2023-01-25  |s 2022-06-22  |w 2020-01-06  |y BK  |z Catalogado en:20191129  |k DER